000 00502nam a22001817a 4500
005 20251108171126.0
008 250721s1985 xx 000 0 ara d
082 1 4 _a215.7/محس
100 1 _aعبد المجيد، محسن
245 1 0 _aحقيقة البابية و البهائية /
250 _aط3.
264 1 _aبيروت :
_bالمكتب الإسلامي،
_c1985.
300 _a255ص.
650 1 7 _aالبهائية
650 1 7 _aالبابية
942 _2ddc
_cBK
999 _c57254
_d57254